00330nam a2200133Ia 4500008004100000041000800041082001500049100002400064245002700088250001000115260005100125300000800176650001200184230516s1993 xx 000 0 und d amar a491.46 PHA aPHADAKE BHALCHANDRA aKUMARBHARATI STD. 10TH aREPRI aPUNEbMAHARASHTRA STATE BUREAU TEXT BOOKc1993 a160 aMARATHI